000 00344nam a2200133Ia 4500
008 240624s9999 xx 000 0 und d
041 _aeng
082 _a321.8 DAS
100 _aDASANDI NIHEER
245 _aIS DEMOCRACY FAILING A PRIMER FOR THE 21
260 _c2018
_aLONDON & NEW YORK
_bThames & Hudson
300 _a143 p.
365 _c
_b33
999 _c32683
_d32683